Fundamentals of sociology (Record no. 5462)

MARC details
000 -LEADER
fixed length control field 00572nam a22001697a 4500
020 ## - INTERNATIONAL STANDARD BOOK NUMBER
ISBN 9788125005155
020 ## - INTERNATIONAL STANDARD BOOK NUMBER
ISBN 8125005153
050 ## - CALL NUMBER
Classification number HM66
Item number .G44
100 ## - AUTHOR
Personal name Gisbert, Pascual
245 ## - TITLE
Title Fundamentals of sociology
Statement of responsibility, etc Gisbert, Pascual
250 ## - EDITION
Edition statement 3rd ed
260 ## - PUBLICATION INFORMATION
Place of publication Bombay :
Name of publisher Orient Longmans,
Year of publication 1984.
300 ## - DESCRIPTION
Number of Pages xviii,510p.
Accompanying material 20cm.
500 ## - NOTES
General note includes index.
505 ## - FORMATTED CONTENTS NOTE
Table of Content pt.1. The roots of social life<br/>pt.2. socialization and the institutional structure<br/>pt.3. The form of social control <br/>pt.4. The agencies of social change<br/><br/>
942 ## - ADDED ENTRY ELEMENTS (KOHA)
Koha item type Books
Holdings
Withdrawn status Lost status Home library Current library Shelving location Date acquired Full call number Accession Number Koha item type Collection code
    Methodist University Library Main Methodist University Library Main General Stacks   HM66 .G44 24843 Books  
    Methodist University Library Main Methodist University Library Main General Stacks   HM66 .G44 24841 Books Reference
    Methodist University Library Main Methodist University Library Main General Stacks   HM66 .G44 24840 Books Reference
Copyright © 2026  MUG Library